Southville International School and Colleges
Your cart is empty.
  • Cart
  • Lists
    Public lists Eva Luna New books Lux_list list_1
    Your lists Log in to create your own lists
  • Log in to your account
  • Your cookies
  • Search history
Southville International School and Colleges
  • Advanced search
  • Recent comments
  • Most popular
  • Libraries

Log in to your account

Log in with GOOGLE


If you do not have an external account, but do have a local account, you can still log in:

  1. Home
  2. MARC view: The adventures of Tom Sawyer.
Normal view MARC view ISBD view

The adventures of Tom Sawyer. (Record no. 114415)

[ view plain ]
MARC details
000 -LEADER
fixed length control field 00620nam a2200181 a 4500
005 - DATE AND TIME OF LATEST TRANSACTION
control field 20140414132059.0
008 - FIXED-LENGTH DATA ELEMENTS--GENERAL INFORMATION
fixed length control field 100626s19uu xx 00 eng d
020 ## - INTERNATIONAL STANDARD BOOK NUMBER
International Standard Book Number 978-971-518-260-7
050 ## - LIBRARY OF CONGRESS CALL NUMBER
Classification number M 813.4
Item number C59 2009
100 ## - MAIN ENTRY--PERSONAL NAME
Personal name Twain, Mark
245 ## - TITLE STATEMENT
Title The adventures of Tom Sawyer.
260 ## - PUBLICATION, DISTRIBUTION, ETC. (IMPRINT)
Place of publication, distribution, etc Manila :
Name of publisher, distributor, etc Lampara Books,
Date of publication, distribution, etc 2009.
300 ## - PHYSICAL DESCRIPTION
Extent 128
520 ## - SUMMARY, ETC.
Summary, etc The adventures and pranks of a mischievous boy growing up in a Mississippi River town in the early nineteenth century.
650 ## - SUBJECT ADDED ENTRY--TOPICAL TERM
Topical term or geographic name as entry element Sawyer, Tom (Fictitious character) --Fiction.
650 ## - SUBJECT ADDED ENTRY--TOPICAL TERM
Topical term or geographic name as entry element Boys --Missouri --Juvenile fiction.
Holdings
Withdrawn status Lost status Damaged status Home library Current library Shelving location Date acquired Source of acquisition Total Checkouts Full call number Barcode Date last seen Price effective from Koha item type
      Munich Library Munich Library Main Section 06/26/2010     M 813.4 C59 2009 M6232 04/14/2014 04/14/2014 Books

The adventures of Tom Sawyer.

APA

Twain M., . (2009). The adventures of Tom Sawyer. Manila: Lampara Books.

Chicago

Twain Mark, . 2009. The adventures of Tom Sawyer. Manila: Lampara Books.

Harvard

Twain M., . (2009). The adventures of Tom Sawyer. Manila: Lampara Books.

MLA

Twain Mark, . The adventures of Tom Sawyer. Manila: Lampara Books. 2009.

  • Place hold
  • Print
  • Cite
  • Add to your cart (remove)
  • Save record
    BIBTEX Dublin Core MARCXML MARC (non-Unicode/MARC-8) MARC (Unicode/UTF-8) MARC (Unicode/UTF-8, Standard) MODS (XML) RIS
  • More searches
    Search for this title in:
    Other Libraries (WorldCat) Other Databases (Google Scholar) Online Stores (Bookfinder.com) Open Library (openlibrary.org)

Exporting to Dublin Core...

SOUTHVILLE LIBRARY

Southville International School and Colleges Library

1281 Tropical Ave. Cor. Luxembourg St., BF Homes International, Las Pinas City

Tel. No. 8256374 / 252358 Loc. 117/146

Powered by Koha